00339nam a2200109Ia 4500008004100000082001600041100001700057245007100074260003000145300000800175650004600183191201s2019 xx 000 0 und d a612.015 KUB aKUMAR,Manish 0aBiochemistry & clinical pathology for 1st year diploma in pharmacy bRamnarain PubaAgrac2019 a120 aApplied Biochemistry & Clinical Chemistry